01820nas a2200241Ia 4500001001100000003001000011008004100021040002500062041001300087100001800100210002400118222002400142245010800166250001100274260008700285300001100372310001500383362003700398500049700435501011400932520049701046650003501543R050-S3684IT-CnALBA170116c99999999xx |||||||||||| ||und|| aIT-CnALBAcIT-CnALBA aITALIANO aTETI GIOVANNA aVIA VERITÀ E VITA aVIA VERITÀ E VITA 0aVIA VERITÀ E VITA. MARZO APRILE 1998. RIVISTA MONOGRAFICA DI APPROFONDIMENTO PASTORALE CATECHISTICO.  a1a ed. a ROMAbCENTRO CATECHISTICO PAOLINO c1998 [1° Ed.:1998 - Ed.Ling.Originale: 1998] a80 p.  aBIMESTRALE aFascicolo: 167 / Anno: 47 (1998) aCHIESA COMUNITÀ IN MISSIONE, COMUNITÀ MISSIONARIA. GIRARDI G. MISSIONE "OLTRE", TORTI R. NELLA BIBBIA. CIBIEN C. COMUNITÀ DI ANTIOCHIA. SARNATARO C. CHIESA IN MISSIONE. MEDDI C. E LITURGIA. BRODOLONI P. G. ANNUNZIO NECESSARIO E OBBLIGORIPARTENZA DA EMMAUS. LASCONI T. PREADOLESCENTI NELLA VIGAN DEL SIGNORE. FANCIULLI MISSIONARI TRA I COETANI. CATECUMENATO STILE NUOVA EVANGELIZZAZIONE. TESTIMONIANZE PADRI. RILETTURA REDEMPTORIS MISSIO. GARISELLI G. NELL'EPOCA INTERNET. INFORMAZIONE.  aSocietà San Paolo EM - Piazza San Paolo, 14 - 12051 ALBA (CN) (non commercial uses only) ® Copyright 2017 aCHIESA COMUNITÀ IN MISSIONE, COMUNITÀ MISSIONARIA. GIRARDI G. MISSIONE "OLTRE", TORTI R. NELLA BIBBIA. CIBIEN C. COMUNITÀ DI ANTIOCHIA. SARNATARO C. CHIESA IN MISSIONE. MEDDI C. E LITURGIA. BRODOLONI P. G. ANNUNZIO NECESSARIO E OBBLIGORIPARTENZA DA EMMAUS. LASCONI T. PREADOLESCENTI NELLA VIGAN DEL SIGNORE. FANCIULLI MISSIONARI TRA I COETANI. CATECUMENATO STILE NUOVA EVANGELIZZAZIONE. TESTIMONIANZE PADRI. RILETTURA REDEMPTORIS MISSIO. GARISELLI G. NELL'EPOCA INTERNET. INFORMAZIONE.  aTEOLOGIA PASTORALE - CATECHESI